00742nam a22002057a 4500003000900000005001700009007000300026008003900029020001800068040002600086082002300112100002800135245010600163260007500269300002800344500007400372650002400446650002600470700004000496DO-SdBNP20220314094132.0ta210531e2017 dr a0| ereng d 1sp spa a9789945089400 aDO-SdBNPbspacBNPHU  4aRD861.5bM181L2221 aMadera, Johanny,d1989-10aLlamas & cenizas : bpoemas y textos de amor /cJohanny Madera ; prólogo Alberto Vásquez Díaz. aSantiago, Republica Dominicana : bCorniel by Ducor Investment, c2017 a81 p. : bil. c23 cm.  aIncluye datos biográficos de la autora en la solapa de la cubierta. 4aPoesía dominicana 4aLiteratura dominicana1 aVásquez Díaz, Alberto,epról.